000 00765nam a2200289 a 4500
003 AR-BaBNM
005 20251128205403.0
008 082120s2002 ||||||||||||||000 | spa||
020 _a84-276-0352-5
040 _cAR-BaBNM
100 1 _aMartinez Ruiz, Enrique
245 0 0 _aCreacion de la guardia civil
260 _aMadrid
_bNacional
_c1976
300 _a456 p.
500 _aApéndice para consultar p. 381-395
504 _aBibliografía para consultar p. 431-449.
650 4 _aFUERZAS ARMADAS
650 4 _aCIENCIAS POLITICAS
650 4 _aEJERCITOS
650 4 _aINGENIERIA MILITAR
650 4 _aHISTORIA MILITAR
650 4 _aHISTORIA POLITICA
651 4 _aEspaña
653 _aHISTORIA ESPAÑOLA
942 _cBK
998 _cmariana
999 _c11212
_d11212